[Event "8th Leiden Open A 2014"]
[Site "Leiden NED"]
[Date "2014.07.17"]
[Round "6.4"]
[White "Cernousek, Lukas"]
[Black "Horvath, Csaba"]
[Result "1/2-1/2"]
[WhiteTitle "IM"]
[BlackTitle "GM"]
[WhiteElo "2457"]
[BlackElo "2542"]
[WhiteFideId "311707"]
[BlackFideId "700118"]
[EventDate "2014.07.11"]

1. d4 Nf6 2. c4 e6 3. g3 d5 4. Nf3 Be7 5. Bg2 O-O 6. O-O c6 7. Qc2 b6 8. Nbd2
Bb7 9. e4 Na6 10. a3 c5 11. cxd5 exd5 12. e5 Ne4 13. dxc5 Naxc5 14. b4 Ne6 15.
Bb2 Rc8 16. Qd3 a5 17. Nd4 axb4 18. axb4 Bxb4 19. Nxe6 fxe6 20. Nxe4 dxe4 21.
Qb3 Qe7 22. Ba3 Bxa3 23. Qxa3 Qxa3 24. Rxa3 Rc5 25. Re3 Rxe5 26. f4 Rc5 27. Bxe4
Bxe4 28. Rxe4 e5 29. fxe5 Rxf1+ 30. Kxf1 Kf7 31. Kg2 Ke6 32. Ra4 Ra5 33. Rc4 Rc5
34. Ra4 h5 35. Ra7 g6 36. Rg7 Kf5 37. e6 Re5 38. Rf7+ Kxe6 39. Rb7 b5 40. Rb6+
Kf5 41. h4 Re2+ 42. Kf3 Rb2 43. Ke3 Rb3+ 44. Kf2 b4 45. Kg2 Rb1 46. Kf3 b3 47.
Rb5+ Ke6 48. Kf4 b2 49. Rb6+ Kf7 50. Kg5 Rg1 51. Rxb2 Rxg3+ 52. Kh6 Kf6 53. Rf2+
Ke5 54. Rf1 Rg4 55. Rf2 Rf4 56. Rg2 Rg4 57. Rf2 Ke4 58. Rf6 Rxh4 59. Kxg6 Rh1
60. Kg5 h4 61. Kg4 h3 62. Kg3 Kd5 1/2-1/2

[Event "8th Leiden Open A 2014"]
[Site "Leiden NED"]
[Date "2014.07.17"]
[Round "6.5"]
[White "Van Der Wiel, John T.H."]
[Black "Hendrickson, Nolan R"]
[Result "1/2-1/2"]
[WhiteTitle "GM"]
[WhiteElo "2424"]
[BlackElo "2168"]
[WhiteFideId "1000020"]
[BlackFideId "2038188"]
[EventDate "2014.07.11"]

1. e4 c5 2. Nf3 d6 3. d4 cxd4 4. Nxd4 Nf6 5. Nc3 g6 6. Be3 Bg7 7. f3 Nc6 8. Qd2
O-O 9. O-O-O d5 10. exd5 Nxd5 11. Nxc6 bxc6 12. Bd4 e5 13. Bc5 Rb8 14. Bc4 Be6
15. Ne4 f5 16. Ng5 e4 17. Bb3 Qf6 18. c3 Bh6 19. h4 Rfe8 20. Rde1 Bf7 21. Bd4
Qe7 22. fxe4 fxe4 23. Rhf1 Rb7 24. Be3 Bxg5 25. Bxg5 Qe5 26. Qf2 1/2-1/2

[Event "8th Leiden Open A 2014"]
[Site "Leiden NED"]
[Date "2014.07.17"]
[Round "6.6"]
[White "Stany, G.A."]
[Black "Van der Marel, Bert"]
[Result "1-0"]
[WhiteTitle "IM"]
[WhiteElo "2399"]
[BlackElo "2161"]
[WhiteFideId "5029104"]
[BlackFideId "1005855"]
[EventDate "2014.07.11"]

1. e4 e5 2. Nf3 d6 3. d4 Nf6 4. Nc3 Nbd7 5. Bc4 Be7 6. O-O O-O 7. a4 c6 8. Ba2
a5 9. h3 Qc7 10. Be3 b6 11. Nd2 Ba6 12. Re1 Rad8 13. f4 c5 14. dxe5 dxe5 15. f5
c4 16. Qe2 Bc5 17. Nb5 Bxe3+ 18. Qxe3 Bxb5 19. axb5 Nc5 20. Rad1 Rd4 21. Nxc4
Rxe4 22. Qg3 Rxc4 23. Bxc4 Nce4 24. Qb3 Qc5+ 25. Kh2 Nd6 26. Bf1 e4 27. Qa3 Qe5+
28. Qg3 Qxg3+ 29. Kxg3 Nxf5+ 30. Kf4 g6 31. g4 Ne7 32. g5 Nh5+ 33. Kxe4 Nf5 34.
Bc4 Rc8 35. b3 Rc5 36. Rd7 Nfg3+ 1-0

[Event "8th Leiden Open A 2014"]
[Site "Leiden NED"]
[Date "2014.07.17"]
[Round "6.7"]
[White "Pijpers, Arthur"]
[Black "Blom, Vincent"]
[Result "1-0"]
[WhiteElo "2371"]
[BlackElo "2218"]
[WhiteFideId "1019554"]
[BlackFideId "1014358"]
[EventDate "2014.07.11"]

1. e4 c6 2. d4 d5 3. e5 Bf5 4. Nf3 e6 5. Be2 Nd7 6. O-O h6 7. Nbd2 Ne7 8. Nb3
Bh7 9. a4 c5 10. Nxc5 Nxc5 11. dxc5 Nc6 12. Be3 a6 13. c3 g5 14. Bd4 Bg7 15. Re1
g4 16. Nd2 Bxe5 17. Bxe5 Nxe5 18. Bxa6 Nf3+ 19. Nxf3 gxf3 20. Bxb7 Rb8 21. Qxd5
Qe7 22. Bc6+ Kf8 23. Qd6 1-0

[Event "8th Leiden Open A 2014"]
[Site "Leiden NED"]
[Date "2014.07.17"]
[Round "6.8"]
[White "Lupor, Andre"]
[Black "Admiraal, Miguoel"]
[Result "1/2-1/2"]
[WhiteTitle "FM"]
[BlackTitle "FM"]
[WhiteElo "2281"]
[BlackElo "2341"]
[WhiteFideId "4680103"]
[BlackFideId "1019716"]
[EventDate "2014.07.11"]

1. d4 d5 2. c4 e6 3. Nc3 Nf6 4. cxd5 exd5 5. Bg5 Nbd7 6. e3 Be7 7. Bd3 O-O 8.
Nge2 c6 9. Qc2 Re8 10. O-O Nf8 11. f3 h6 12. Bh4 Ne6 13. Rad1 b6 14. Kh1 Bb7 15.
Bf5 Ng5 16. Bf2 Bf8 17. Bg1 g6 18. Bd3 Qe7 19. Qa4 h5 20. Nf4 Ne6 21. Nxe6 Qxe6
22. e4 b5 23. Qb3 b4 24. exd5 cxd5 25. Na4 Nd7 26. Nc5 Nxc5 27. dxc5 a5 28. a3
Bc6 29. axb4 axb4 30. Ra1 Rxa1 31. Rxa1 Bg7 32. Qxb4 Qe5 33. Qb6 Re6 34. Qd8+
Re8 35. Qb6 Re6 36. Qd8+ 1/2-1/2

[Event "8th Leiden Open A 2014"]
[Site "Leiden NED"]
[Date "2014.07.18"]
[Round "7.1"]
[White "Das, Arghyadip"]
[Black "Ikonnikov, Vyacheslav"]
[Result "1/2-1/2"]
[WhiteTitle "IM"]
[BlackTitle "GM"]
[WhiteElo "2439"]
[BlackElo "2556"]
[WhiteFideId "5003610"]
[BlackFideId "4100972"]
[EventDate "2014.07.11"]

1. e4 c5 2. Nf3 Nc6 3. Nc3 e5 4. Bc4 Be7 5. d3 d6 6. O-O Nf6 7. Ng5 O-O 8. f4
exf4 9. Bxf4 Bg4 10. Qd2 Na5 11. Rae1 Bh5 12. a4 Nxc4 13. dxc4 Re8 14. Nf3 Bg6 1/2-1/2

[Event "8th Leiden Open A 2014"]
[Site "Leiden NED"]
[Date "2014.07.18"]
[Round "7.2"]
[White "Sengupta, Deep"]
[Black "Cernousek, Lukas"]
[Result "1/2-1/2"]
[WhiteTitle "GM"]
[BlackTitle "IM"]
[WhiteElo "2533"]
[BlackElo "2457"]
[WhiteFideId "5008352"]
[BlackFideId "311707"]
[EventDate "2014.07.11"]

1. e4 c5 2. Nf3 d6 3. d4 Nf6 4. Nc3 cxd4 5. Nxd4 a6 6. Bg5 e6 7. f4 b5 8. e5
dxe5 9. fxe5 Qc7 10. exf6 Qe5+ 11. Be2 Qxg5 12. O-O Ra7 13. Qd3 Rd7 14. Ne4 Qe5
15. Nf3 Qxb2 16. Qe3 Bb7 17. Rab1 Qxa2 18. c4 Bxe4 19. fxg7 Bxg7 20. Qxe4 Rd6
21. Rbd1 Qa3 22. Kh1 O-O 23. Rxd6 Qxd6 24. Ng5 f5 25. Qxe6+ Qxe6 26. Nxe6 Rc8
27. cxb5 axb5 28. Bxb5 Nc6 29. Ba6 Re8 30. Bc4 Kh8 31. g3 Nd4 32. Nxd4 Bxd4 33.
Rxf5 Rc8 34. Bd3 Rc3 35. Be4 Re3 36. Bf3 Kg7 37. Kg2 Bf6 38. Rf4 Re5 39. h4 h6
40. Ra4 Re7 41. Be4 Re5 42. Kf3 Re7 43. Bd5 Bc3 44. Ra6 Rd7 45. Be4 Rf7+ 46. Kg4
Rf6 47. Ra3 Be1 48. Rb3 Bf2 49. Bf5 Be1 50. Rd3 Bf2 51. Rf3 Be1 52. Kh5 Rf7 53.
g4 Rf8 54. Rd3 Bf2 55. Be6 Rf6 56. Rd7+ Kf8 57. Bc4 Be3 58. Rh7 Bf4 59. Bd3 Rd6
60. Be4 Re6 61. Bg6 Re7 62. Rh8+ Kg7 63. Ra8 Be3 64. Ra5 Bf4 65. Bf5 Re5 66.
Ra7+ Kf6 67. Ra6+ Kg7 68. Rg6+ Kf7 69. Rb6 Be3 70. Rb3 Kg7 71. Rd3 Kf6 72. Rd1
Kg7 73. Re1 Kf6 74. Rf1 Bd2 75. Rd1 Be3 76. Rd7 Bc1 77. Rh7 Bd2 78. Rh8 Bc1 79.
Rg8 Bd2 80. Rg6+ Kf7 81. Rxh6 Bxh6 82. Kxh6 Kg8 83. Kg6 Re1 84. Kf6 Rh1 85. Be6+
Kh8 86. Kg5 Rg1 87. Kf4 Rxg4+ 88. Kxg4 Kg7 89. Kg5 Kh8 90. h5 Kg7 91. h6+ Kh8
92. Kg6 1/2-1/2

[Event "8th Leiden Open A 2014"]
[Site "Leiden NED"]
[Date "2014.07.18"]
[Round "7.3"]
[White "Horvath, Csaba"]
[Black "Stany, G.A."]
[Result "1/2-1/2"]
[WhiteTitle "GM"]
[BlackTitle "IM"]
[WhiteElo "2542"]
[BlackElo "2399"]
[WhiteFideId "700118"]
[BlackFideId "5029104"]
[EventDate "2014.07.11"]

1. g3 Nf6 2. Bg2 d5 3. Nf3 e6 4. O-O Be7 5. d4 b5 6. b3 Bb7 7. c4 b4 8. a3 a5 9.
axb4 axb4 10. Rxa8 Bxa8 11. Nbd2 O-O 12. Bb2 Nbd7 13. e3 1/2-1/2

[Event "8th Leiden Open A 2014"]
[Site "Leiden NED"]
[Date "2014.07.18"]
[Round "7.4"]
[White "Bogner, Sebastian"]
[Black "Pijpers, Arthur"]
[Result "1-0"]
[WhiteTitle "GM"]
[WhiteElo "2602"]
[BlackElo "2371"]
[WhiteFideId "4692055"]
[BlackFideId "1019554"]
[EventDate "2014.07.11"]

1. d4 d5 2. c4 c6 3. Nc3 Nf6 4. e3 e6 5. Nf3 Nbd7 6. Qc2 Bd6 7. Bd3 O-O 8. O-O
dxc4 9. Bxc4 b5 10. Be2 Bb7 11. Rd1 Qb8 12. a3 e5 13. g3 Re8 14. b4 exd4 15.
exd4 a5 16. Rb1 axb4 17. axb4 Nb6 18. Ng5 h6 19. Nge4 Nxe4 20. Nxe4 Nd5 21. Bd2
Bc8 22. Bf3 Qc7 23. Rdc1 Bd7 24. Nc3 Nxc3 25. Qxc3 Rac8 26. Ra1 Qb6 27. Be3 Qd8
28. Ra7 Re7 29. d5 Bf5 30. dxc6 Rxa7 31. Bxa7 Qe7 32. Bc5 Be6 33. Bxd6 Qxd6 34.
Be2 Qd5 35. Qc5 Qe4 36. Rc2 Bd5 37. f3 Qe6 38. c7 Bb3 39. Rd2 Kh7 40. Kf2 g6 41.
Rd8 1-0

[Event "8th Leiden Open A 2014"]
[Site "Leiden NED"]
[Date "2014.07.18"]
[Round "7.5"]
[White "Erwich, Frank"]
[Black "Nikolic, Predrag"]
[Result "0-1"]
[WhiteTitle "FM"]
[BlackTitle "GM"]
[WhiteElo "2322"]
[BlackElo "2605"]
[WhiteFideId "1007076"]
[BlackFideId "14400014"]
[EventDate "2014.07.11"]

1. e4 e5 2. Nf3 Nc6 3. Bc4 Nf6 4. d3 Be7 5. Nc3 d6 6. a3 O-O 7. O-O Be6 8. Nd5
Bxd5 9. exd5 Nb8 10. Ba2 Nbd7 11. Re1 Re8 12. d4 Bf8 13. Bd2 h6 14. dxe5 dxe5
15. Bc3 e4 16. Nd4 Nb6 17. Nf5 Nbxd5 18. Qd4 c5 19. Qd2 b5 20. Bxd5 Qxd5 21. Qf4
Nh5 22. Qg4 g6 23. Ne3 Qc6 24. Rad1 b4 25. axb4 cxb4 26. Bd4 a5 27. b3 a4 28.
Ba1 axb3 29. cxb3 Ra2 30. Rc1 Qd6 31. g3 Nf6 32. Qh4 Bg7 33. Red1 Qe6 34. Bxf6
Bxf6 35. Qxh6 Qxb3 36. Rb1 Rb2 37. Rxb2 Qxb2 38. Nd5 b3 39. Qd2 Qe5 40. Qb4 b2
41. Qxe4 Rd8 42. Nxf6+ Qxf6 43. Rb1 Rc8 44. Kg2 Rc1 45. h4 Rxb1 0-1

[Event "8th Leiden Open A 2014"]
[Site "Leiden NED"]
[Date "2014.07.18"]
[Round "7.6"]
[White "Duijker, Rick"]
[Black "Van Der Wiel, John T.H."]
[Result "1/2-1/2"]
[WhiteTitle "FM"]
[BlackTitle "GM"]
[WhiteElo "2256"]
[BlackElo "2424"]
[WhiteFideId "1010565"]
[BlackFideId "1000020"]
[EventDate "2014.07.11"]

1. d4 Nf6 2. Bg5 c5 3. Bxf6 gxf6 4. d5 Qb6 5. Qc1 f5 6. c4 Bg7 7. Nc3 d6 8. e3
Nd7 9. Qc2 Qa5 10. Nf3 b5 11. cxb5 Nb6 12. Nd2 Bxc3 13. bxc3 Nxd5 14. c4 Qc3 15.
Qxc3 Nxc3 16. a4 Ne4 17. Nxe4 fxe4 18. a5 Be6 19. Be2 Rg8 1/2-1/2

[Event "8th Leiden Open A 2014"]
[Site "Leiden NED"]
[Date "2014.07.18"]
[Round "7.7"]
[White "Admiraal, Miguoel"]
[Black "Lupor, Stefan"]
[Result "1-0"]
[WhiteTitle "FM"]
[BlackTitle "FM"]
[WhiteElo "2341"]
[BlackElo "2306"]
[WhiteFideId "1019716"]
[BlackFideId "4685806"]
[EventDate "2014.07.11"]

1. c4 e6 2. g3 d5 3. Bg2 c5 4. Nf3 Nf6 5. O-O Nc6 6. d4 dxc4 7. Qa4 Bd7 8. Qxc4
b5 9. Qd3 Rc8 10. dxc5 Bxc5 11. Nc3 O-O 12. Bg5 Nb4 13. Bxf6 gxf6 14. Qd2 Bc6
15. Qh6 Re8 16. Rad1 Bf8 17. Qh4 Qe7 18. Nd4 Bxg2 19. Kxg2 a6 20. e4 Nc6 21.
Nxc6 Rxc6 22. Rd2 Bg7 23. Rfd1 Qc5 24. Rd7 Rc7 25. Rxc7 Qxc7 26. Qg4 Qc6 27. Qf3
Rc8 28. Ne2 f5 29. exf5 Qxf3+ 30. Kxf3 exf5 31. Rd6 Bxb2 32. Rxa6 Rc5 33. Ra5
Rd5 34. Nf4 Rd2 35. Rxb5 Bd4 36. Rxf5 Rxa2 37. Nd3 Rd2 38. Ke4 Bc3 39. Ke3 Ra2
40. h4 Kg7 41. g4 Bd2+ 42. Kf3 Ra5 43. Rxa5 Bxa5 44. Ke4 Bd8 45. h5 Kf6 46. f4
Ba5 47. Ne5 Kg7 48. Kf5 f6 49. h6+ Kxh6 50. Kxf6 Bd8+ 51. Kf7 Bc7 52. g5+ Kh5
53. Kg7 Bd6 54. Kf6 Bc7 55. Kf5 Kh4 56. Ng4 Kg3 57. Nf6 Kf3 58. Nxh7 Bxf4 59. g6
Bh6 60. Ng5+ Ke3 61. Ne6 Kd3 62. Kg4 1-0

[Event "8th Leiden Open A 2014"]
[Site "Leiden NED"]
[Date "2014.07.18"]
[Round "7.8"]
[White "Hendrickson, Nolan R"]
[Black "Wohl, Aleksandar H."]
[Result "0-1"]
[BlackTitle "IM"]
[WhiteElo "2168"]
[BlackElo "2339"]
[WhiteFideId "2038188"]
[BlackFideId "3200345"]
[EventDate "2014.07.11"]

1. e4 c5 2. Nc3 Nc6 3. Bb5 Nd4 4. Nf3 e6 5. O-O a6 6. Bd3 Nc6 7. b3 Nf6 8. Re1
Qc7 9. Bb2 d6 10. a3 Be7 11. Bf1 O-O 12. g3 b5 13. a4 b4 14. Nb1 Bb7 15. d3 Nd7
16. Nbd2 Bf6 17. Bxf6 Nxf6 18. Bg2 Rad8 19. Nc4 e5 20. Qd2 Ne8 21. h3 g6 22. Nh2
Nd4 23. Nf3 Nxf3+ 24. Bxf3 f5 25. Bg2 f4 26. g4 Ng7 27. f3 h5 28. Qf2 hxg4 29.
hxg4 Ne6 30. Rad1 Kg7 31. Kf1 Nd4 32. Rd2 Rh8 33. Qg1 Rh4 34. Rf2 Rdh8 35. Rc1
Bc8 36. Ke1 Qd8 37. Kd2 Rh2 38. Rcf1 Kf6 39. Kc1 Ke7 40. Re1 Be6 41. Kb2 Kd7 42.
Rd1 Bxc4 43. dxc4 Qh4 44. Rd3 Qg3 45. Qf1 Ke7 46. Ka2 Kf6 47. Kb2 Kg5 48. Ka2
R8h3 49. Kb2 Qh4 50. Rdd2 Rg3 51. Ka2 Rhxg2 52. Rxg2 Rxf3 53. Qg1 Rh3 54. Qc1
Rh1 55. Rd1 Qh3 56. Rdg1 Qxg2 57. Rxh1 Qxc2+ 0-1

[Event "8th Leiden Open A 2014"]
[Site "Leiden NED"]
[Date "2014.07.19"]
[Round "8.1"]
[White "Sengupta, Deep"]
[Black "Das, Arghyadip"]
[Result "1/2-1/2"]
[WhiteTitle "GM"]
[BlackTitle "IM"]
[WhiteElo "2533"]
[BlackElo "2439"]
[WhiteFideId "5008352"]
[BlackFideId "5003610"]
[EventDate "2014.07.11"]

1. d4 Nf6 2. c4 g6 3. Nc3 Bg7 4. e4 d6 5. Nf3 O-O 6. Be2 e5 7. dxe5 dxe5 8. Qxd8
Rxd8 9. Bg5 Re8 10. Nd5 Nxd5 11. cxd5 c6 12. Bc4 cxd5 13. Bxd5 Nd7 14. O-O h6
15. Be3 Nf6 1/2-1/2

[Event "8th Leiden Open A 2014"]
[Site "Leiden NED"]
[Date "2014.07.19"]
[Round "8.2"]
[White "Ikonnikov, Vyacheslav"]
[Black "Horvath, Csaba"]
[Result "0-1"]
[WhiteTitle "GM"]
[BlackTitle "GM"]
[WhiteElo "2556"]
[BlackElo "2542"]
[WhiteFideId "4100972"]
[BlackFideId "700118"]
[EventDate "2014.07.11"]

1. d4 d5 2. Nf3 Nf6 3. c4 c6 4. Nc3 dxc4 5. a4 Bf5 6. e3 e6 7. Bxc4 Nbd7 8. O-O
Bb4 9. Qe2 O-O 10. e4 Bg6 11. Bd3 c5 12. Na2 Ba5 13. e5 Nd5 14. Bxg6 fxg6 15.
Ng5 Qe8 16. Qb5 Bb6 17. a5 a6 18. Qc4 Bxa5 19. dxc5 Nxe5 20. Qe4 Bc7 21. Bd2 h6
22. f4 hxg5 23. fxe5 Rf5 24. Nc3 Qc6 25. Nxd5 exd5 26. Qc2 Bxe5 27. Rxf5 gxf5
28. Qxf5 Bxb2 29. Rf1 Bf6 30. Bxg5 Rf8 31. Be3 Be7 32. Qc2 Rxf1+ 33. Kxf1 b6 0-1

[Event "8th Leiden Open A 2014"]
[Site "Leiden NED"]
[Date "2014.07.19"]
[Round "8.3"]
[White "Wohl, Aleksandar H."]
[Black "Nikolic, Predrag"]
[Result "0-1"]
[WhiteTitle "IM"]
[BlackTitle "GM"]
[WhiteElo "2339"]
[BlackElo "2605"]
[WhiteFideId "3200345"]
[BlackFideId "14400014"]
[EventDate "2014.07.11"]

1. g3 d5 2. Bg2 g6 3. Nf3 Bg7 4. O-O e5 5. d3 Ne7 6. c4 d4 7. b4 O-O 8. Bb2 a5
9. b5 c5 10. bxc6 Nexc6 11. Na3 Na6 12. Nb5 Re8 13. Rb1 Bf5 14. Nd2 Qd7 15. Ne4
Bh3 16. Bxh3 Qxh3 17. e3 Qd7 18. exd4 exd4 19. Bc1 f5 20. Ng5 h6 21. Nf3 Nc5 22.
Bf4 g5 23. Bd6 b6 24. Bc7 Ra6 25. Rb2 Rc8 26. Bd6 Nb7 27. Ba3 Nc5 28. Re1 Raa8
29. Rbe2 Rf8 30. Bxc5 bxc5 31. Re6 Rf6 32. Rxf6 Bxf6 33. Qe2 Kf7 34. a3 a4 35.
h3 Rg8 36. Nh2 Be5 37. Qf3 Bb8 38. Ng4 Rg6 39. Qd5+ Qxd5 40. cxd5 fxg4 41. dxc6
Rxc6 42. hxg4 Rb6 43. Rb1 Ke7 44. Kf1 Kd7 45. Ke2 Kc6 46. Nxd4+ cxd4 47. Rc1+
Kb5 48. Rc4 Bd6 0-1

[Event "8th Leiden Open A 2014"]
[Site "Leiden NED"]
[Date "2014.07.19"]
[Round "8.4"]
[White "Stany, G.A."]
[Black "Bogner, Sebastian"]
[Result "0-1"]
[WhiteTitle "IM"]
[BlackTitle "GM"]
[WhiteElo "2399"]
[BlackElo "2602"]
[WhiteFideId "5029104"]
[BlackFideId "4692055"]
[EventDate "2014.07.11"]

1. e4 c5 2. Nf3 a6 3. d4 cxd4 4. Nxd4 e5 5. Nb3 Nf6 6. Bg5 Bb4+ 7. c3 Be7 8. Qd3
O-O 9. N1d2 Nc6 10. Nc4 Nxe4 11. Bxe7 Nxe7 12. Nxe5 d5 13. Be2 Qd6 14. Nf3 Ng6
15. g3 Bh3 16. Nfd4 Ne5 17. Qc2 Nc4 18. Bd3 Qh6 19. Bxe4 Rfe8 20. f3 Qe3+ 21.
Qe2 Qxe2+ 22. Kxe2 dxe4 23. fxe4 Nxb2 24. Rab1 Na4 25. Kd3 Bg2 26. Rhe1 Bxe4+
27. Rxe4 Rxe4 0-1

[Event "8th Leiden Open A 2014"]
[Site "Leiden NED"]
[Date "2014.07.19"]
[Round "8.5"]
[White "Cernousek, Lukas"]
[Black "Admiraal, Miguoel"]
[Result "1-0"]
[WhiteTitle "IM"]
[BlackTitle "FM"]
[WhiteElo "2457"]
[BlackElo "2341"]
[WhiteFideId "311707"]
[BlackFideId "1019716"]
[EventDate "2014.07.11"]

1. d4 Nf6 2. c4 e6 3. g3 c5 4. d5 exd5 5. cxd5 Bd6 6. Nc3 O-O 7. Bg2 a6 8. a4
Qe7 9. Nf3 Bc7 10. O-O d6 11. Nd2 Nbd7 12. h3 Re8 13. Kh2 Rb8 14. Qc2 b5 15.
axb5 axb5 16. b4 Ne5 17. Nb3 Bb7 18. e4 cxb4 19. Na2 Bb6 20. Nxb4 Rbc8 21. Qb1
Nfg4+ 22. hxg4 Nxg4+ 23. Kg1 Qe5 24. Nd3 Qh5 25. Re1 Rc3 26. Ra2 b4 27. Bf4 Qh2+
28. Kf1 f5 29. exf5 Rf8 30. Bxd6 Rxf5 31. Re8+ Kf7 32. Rf8+ Kg6 33. Ne5+ Nxe5
34. Qxf5+ Kh6 35. Rf6+ gxf6 36. Bf8# 1-0

[Event "8th Leiden Open A 2014"]
[Site "Leiden NED"]
[Date "2014.07.19"]
[Round "8.6"]
[White "Maryasin, Boris"]
[Black "Van Der Wiel, John T.H."]
[Result "1/2-1/2"]
[WhiteTitle "IM"]
[BlackTitle "GM"]
[WhiteElo "2327"]
[BlackElo "2424"]
[WhiteFideId "2801892"]
[BlackFideId "1000020"]
[EventDate "2014.07.11"]

1. e4 c5 2. Nc3 Nc6 3. g3 g6 4. Bg2 Bg7 5. d3 d6 6. Be3 e5 7. Qd2 Nge7 8. f4
exf4 9. Bxf4 O-O 10. Nf3 Bg4 11. O-O Qd7 12. Bh6 Rae8 13. Rae1 b6 14. Nd1 d5 15.
Bxg7 Kxg7 16. Nf2 Bxf3 17. Bxf3 Ne5 18. Qf4 Nxf3+ 19. Qxf3 f5 20. exd5 Nxd5 21.
Nh3 Nb4 22. Qf2 1/2-1/2

[Event "8th Leiden Open A 2014"]
[Site "Leiden NED"]
[Date "2014.07.19"]
[Round "8.7"]
[White "Van Assendelft, Floris"]
[Black "Duijker, Rick"]
[Result "1/2-1/2"]
[WhiteTitle "IM"]
[BlackTitle "FM"]
[WhiteElo "2380"]
[BlackElo "2256"]
[WhiteFideId "1010271"]
[BlackFideId "1010565"]
[EventDate "2014.07.11"]

1. e4 e6 2. d4 d5 3. Nc3 Bb4 4. exd5 exd5 5. Bd3 Nc6 6. Ne2 Be6 7. O-O Qd7 8.
Na4 O-O-O 9. c3 Bd6 10. Be3 Nge7 11. Nc5 Bxc5 12. dxc5 Bf5 13. Nd4 Nxd4 14. Bxd4
f6 15. Re1 Bxd3 16. Qxd3 Nc6 17. Re2 Rde8 18. Rae1 Rxe2 19. Rxe2 1/2-1/2

[Event "8th Leiden Open A 2014"]
[Site "Leiden NED"]
[Date "2014.07.19"]
[Round "8.8"]
[White "Tsifanskaya, Ludmila A"]
[Black "Pijpers, Arthur"]
[Result "0-1"]
[WhiteTitle "WIM"]
[WhiteElo "2120"]
[BlackElo "2371"]
[WhiteFideId "2802368"]
[BlackFideId "1019554"]
[EventDate "2014.07.11"]

1. e4 c5 2. Nf3 g6 3. c3 d5 4. exd5 Qxd5 5. d4 Bg7 6. Be2 cxd4 7. cxd4 Nh6 8.
Nc3 Qd8 9. O-O O-O 10. Bf4 Nf5 11. d5 Nd6 12. Qd2 Nd7 13. Rfd1 Nf6 14. Rac1 Bd7
15. Ne5 Rc8 16. Qe3 a6 17. a4 Be8 18. b4 Nd7 19. Nxd7 Bxd7 20. Ne4 Rxc1 21. Rxc1
Bxa4 22. Nc5 Be8 23. Bxd6 Qxd6 24. Nxb7 Qxb4 25. Bxa6 Bd4 26. Qe2 Bd7 27. Rd1
Bg4 28. Rxd4 Qxd4 29. Qxe7 Qxd5 30. h3 Qe6 31. Qxe6 Bxe6 32. Nc5 Bc8 33. Be2 Re8
34. Bf3 Kg7 35. Kh2 f5 36. h4 Kf6 37. Nd3 Rd8 38. Nf4 Ke5 39. g3 Ba6 40. Kg2 Rd7
41. Ba8 Bb7+ 42. Bxb7 Rxb7 43. Nd3+ Kd4 44. Ne1 h6 45. Nf3+ Ke4 46. Nd2+ Kd3 47.
Nf3 Re7 48. Kf1 Ke4 49. Ke2 Ra7 50. Nd2+ Kd4 51. Nf3+ Kd5 52. Nd2 Ra3 53. Nf3 f4
54. g4 Rb3 55. Nd2 Rh3 56. Nf3 Ke4 57. Nd2+ Kd4 58. g5 hxg5 59. hxg5 Ke5 60. f3
Rh2+ 61. Kd3 Rxd2+ 62. Kxd2 Kd4 0-1